000 00415nam a2200157 i 4500
001 59981
003 ES-MaACL
005 20230906164131.0
007 t|
008 031031s1932 sp ||||1| spa d
100 1 _aEremburg, Elías.
_947377
245 1 0 _aEspaña república de trabajadores /
_cElías Eremburg.
260 _aMadrid :
_b[Argos,
_c1932]
300 _a234 p. ;
_c19 cm.
852 _aES-MaACL
_jF-13962
999 _c59981
_d59981